Open Data Biblioteca Nacional de Portugal


República Portuguesa: Ministério da Cultura
Biblioteca Nacional de Portugal

Catálogo da BNP: acesso por Identificadores Unívocos
Registos Bibliográficos associados ao registo de autoridade

Etiqueta de registo: 00000nam 2200025 450
001 2037227
003 http://id.bnportugal.gov.pt/bib/catbnp/2037227
010 ## $a978-989-54565-0-5
021 ## $aPT$b460567/19
100 ## $a20191230d2019 m y0pory01030103ba
101 0# $apor
102 ## $aPT
105 ## $ay z 000ay
106 ## $ar
200 1# $a A chave do destino$fLuísa Currito
205 ## $a1ª ed
210 #9 $aLisboa$cBooksfactory,$dcop. 2019
215 ## $a167 p.$d23 cm
675 ## $a821.134.3-31"20"$vBN$zpor$31044234
700 #1 $aCurrito,$bLuísa,$f1971-$31666660
801 #0 $aPT$bBN$gRPC
856 41 $uhttp://rnod.bnportugal.gov.pt/ImagesBN/winlibimg.aspx?skey=&doc=2037227&img=134297&save=true
900 ## $aBIBNAC$d20200120
966 ## $lBN$mFGMON$sL. 150486 V.$x1
966 ## $lBN$mFGMON$sL. 150486 V.-D$x1

Etiqueta de registo: 00000nam 2200025 450
001 1951604
003 http://id.bnportugal.gov.pt/bib/catbnp/1951604
010 ## $a978-989-51-9391-2
021 ## $aPT$b416036/16
100 ## $a20161227d2016 m y0pory01030103ba
101 0# $apor
102 ## $aPT
105 ## $ay z 000gy
106 ## $ar
200 1# $aProvavelmente sentimentos$fLuísa Currito
205 ## $a1ª ed
210 #9 $aLisboa$cChiado Editora,$d2016
215 ## $a109, [7] p.$cil.$d22 cm
225 2# $aPrazeres poéticos
675 ## $a821.134.3-1"20"$vBN$zpor$31023893
700 #1 $aCurrito,$bLuísa,$f1971-$31666660
801 #0 $aPT$bBN$gRPC
856 41 $uhttp://rnod.bnportugal.gov.pt/ImagesBN/winlibimg.aspx?skey=&doc=1951604&img=89141&save=true
900 ## $aBIBNAC$d20170209
966 ## $lBN$mFGMON$sL. 138992 V.$x1
966 ## $lBN$mFGMON$sL. 138992 V.-D$x1

Etiqueta de registo: 00254nam 2200025 450
001 2207309
003 http://id.bnportugal.gov.pt/bib/catbnp/2207309
010 ## $a978-989-33-6923-4
021 ## $aPT$b540050/24
100 ## $a20250310d2024 cd y0pory01030103ba
101 0# $apor
102 ## $aPT
105 ## $aa z 000fy
106 ## $ar
200 1# $aCaminhos d'alma$fClaudina Brito$gcoord. Luísa Currito
210 #9 $a[S.l.]$cClaudina Brito,$d2024
215 ## $a124 p.$cil.$d22 cm
532 13 $aCaminhos da alma
675 ## $a821.134.3-34"19/20"$vBN$zpor$31120541
700 #1 $aBrito,$bClaudina,$f1964-$31462272
702 #1 $aCurrito,$bLuísa,$f1971-$4340$31666660
801 #0 $aPT$bBN$gRPC
856 41 $uhttp://rnod.bnportugal.gov.pt/ImagesBN/winlibimg.aspx?skey=&doc=2207309&img=206249&save=true
900 ## $aBIBNAC$d20250401
966 ## $lBN$mFGMON$sL. 176024 V.$x1
966 ## $lBN$mFGMON$sL. 176024 V.-D$x1
971 ## $cisantos$d20250310
972 ## $e0$z0$d20250401$vlrevez
973 ## $cigoulao$d20250328
975 ## $e0$d20250423$viraminhos

OpendataBNP@bnportugal.pt | Mais informação sobre acesso aos dados BNP